Villes par indices en images #2 - Statistiques

Statistiques générales
  • Ce quiz a été pris 93 fois
  • Le résultat moyen est 18 sur 30
Statistiques - réponses
Par images Réponse % Correct
Amsterdam
99%
Amsterdam
99%
Amsterdam
99%
Lisbonne
93%
Lisbonne
93%
Lisbonne
93%
Toulouse
71%
Toulouse
71%
Toulouse
71%
La Mecque
69%
La Mecque
69%
La Mecque
69%
Vienne
63%
Vienne
63%
Vienne
63%
Rio de Janeiro
59%
Rio de Janeiro
59%
Rio de Janeiro
59%
Alexandrie
46%
Alexandrie
46%
Alexandrie
46%
Chicago
41%
Chicago
41%
Chicago
41%
Melbourne
30%
Melbourne
30%
Melbourne
30%
Macao
28%
Macao
28%
Macao
28%
Aucun quiz correspondant
Distribution des résultats
% des personnes avec chaque résultat
Percentile par nombre de réponses
Votre historique - résultats
Vous n’avez pas pris ce quiz